Nhóm nhỏ - tiếp cận và áp dụng vấn đề trong trường hợp nghiên cứu nhóm trẻ em lang thang /
Đã lưu trong:
| Tác giả chính: | |
|---|---|
| Định dạng: | Bài viết |
| Ngôn ngữ: | Vietnamese |
| Những chủ đề: | |
| Các nhãn: |
Thêm thẻ
Không có thẻ, Là người đầu tiên thẻ bản ghi này!
|
| Thư viện lưu trữ: | Thư viện Trường Đại học Đà Lạt |
|---|
| LEADER | 00948nam a2200337 4500 | ||
|---|---|---|---|
| 001 | DLU050030583 | ||
| 040 | # | # | |a DLU |b vie |
| 041 | # | # | |a vie |
| 044 | # | # | |a vn |
| 100 | # | # | |a Đỗ Thị Ngọc Phương |
| 245 | # | # | |a Nhóm nhỏ - tiếp cận và áp dụng vấn đề trong trường hợp nghiên cứu nhóm trẻ em lang thang / |c Đỗ Thị Ngọc Phương |
| 653 | # | # | |a Nhóm xã hội |
| 653 | # | # | |a Thanh thiếu niên |
| 653 | # | # | |a Trẻ em lang thang |
| 653 | # | # | |a Vị thành niên |
| 773 | # | # | |t Xã hội học |g Số 3, 2001, tr 84 - 88 |
| 920 | # | # | |a Phòng Tạp chí -- Trung tâm Thông tin - Thư viện Trường Đại học Đà Lạt |
| 933 | # | # | |a CP |
| 933 | # | # | |a DL |
| 933 | # | # | |a VN |
| 933 | # | # | |a XH |
| 994 | # | # | |a DLU |
| 900 | # | # | |a True |
| 911 | # | # | |a Trần Văn Thống Nhất |
| 925 | # | # | |a G |
| 926 | # | # | |a A |
| 927 | # | # | |a BB |
| 980 | # | # | |a Thư viện Trường Đại học Đà Lạt |